A new dictionary of sociology
Αποθηκεύτηκε σε:
| Άλλοι συγγραφείς: | |
|---|---|
| Μορφή: | Βιβλίο |
| Γλώσσα: | English |
| Δημοσίευση: |
London :
Routledge, Kegan Paul,
c1979
|
| Θέματα: | |
| Ετικέτες: |
Προσθήκη ετικέτας
Δεν υπάρχουν, Καταχωρήστε ετικέτα πρώτοι!
|
MARC
| LEADER | 00000cam a2200000 i 4500 | ||
|---|---|---|---|
| 001 | 1/27326 | ||
| 008 | 980219s1979 eng d | ||
| 020 | |a 0710003269 | ||
| 035 | |l 10022837 | ||
| 040 | |a GR-MY-UA |b gre |e aacr | ||
| 041 | 0 | |a eng | |
| 082 | 0 | |a Π 301.03 | |
| 245 | 1 | 2 | |a A new dictionary of sociology / |c edited by: Mitchell Duncan |
| 260 | |a London : |b Routledge, |b Kegan Paul, |c c1979 | ||
| 300 | |a 243 p. | ||
| 650 | 0 | 0 | |a Sociology |x Dictionaries. |
| 700 | 1 | |a Mitchell, G. Duncan |q (Geoffrey Duncan) |e edt | |
| 852 | |a INST |b CHIOS |e 19980219 |h 301.03 NEW |p 005200009909 |q 005200009909 |t REF |y 23 | ||
| 909 | |a Χ |b 001409 | ||